000 00486nam a2200181Ia 4500
001 613
005 20260306140530.0
008 260306t2021||||xx |||||||||||||| ||spa||
041 _aESP
082 _a128
_bQ41
100 _aQuiceno Osorio, Juan David
_eAUT
245 0 _aLa identidad narrativa según Paul Ricoeur :
_bhacia una hermenéutica de la persona humana
260 _c2021
300 _a250 páginas :
_c24 cm.
650 _aGEN
654 _aCHU
942 _cLIB
_dJUS
_fJUS
_2ddc
_n
999 _c613
_d613